00503nam a2200193 a 4500001001300000003000900013005001700022008004100039020000900080082001700089100002300106245005500129260003200184300000900216500003500225505001000260650001600270700002300286nice12345678IN_TiNIC20260116011853.0050524s1960 cala grp 000 0 eng  ac1500a958.103bGHO aGhose, Dilip Kumar aEngland and Afghanistanb Phase in Their Relations aCalcuttabWorld Pressc1960 a230p aincludes index and biblioraphy2 aIndex aAfghanistan1 aGhose, Dilip Kumar